000 00240nam a2200097Ia 4500
001 922895
005 20250826191452.0
008 250824s9999 xx 000 0 und d
245 0 _aEYVALLAH 2
_cHİKMET ANIL ÖZTEKİN
260 _bHAYY YAYINLARI
999 _c922895
_d922895